000 00332nam a2200145Ia 4500
008 230917s9999||||xx |||||||||||||| ||und||
040 _e133856
_aMAIN
041 _aEnglish
082 _a519.2 P68P
100 _aPitman, Jim
245 0 _aProbabililty
260 _aNew Delhi
_bNarosa
_c1993
300 _axi,493 p.
942 _cBK
999 _c103052
_d103052